000 00326nam a22001337a 4500
040 _cNUST
082 _a363.11
_bTAY
100 _aTaylor, Geoff
_9119392
245 _aEnhancing Occupational Safety and Health /
_cGeoff Taylor
260 _aLondon :
_bElsevier;
_c2004.
300 _a618p.
521 _bHB
942 _2ddc
_cBK
999 _c607141
_d607141